[Event "Rated Blitz game"]
[Site "?"]
[Date "2021.05.29"]
[Round "?"]
[White "Swop1107"]
[Black "njkelfxb_11"]
[Result "1-0"]
[WhiteElo "2428"]
[BlackElo "2329"]
[PlyCount "69"]
[EventDate "2021.??.??"]
[EventType "blitz"]

1. e4 e5 2. Nf3 d5 3. exd5 Qxd5 4. Nc3 Qa5 5. Bc4 Bd6 6. O-O Nf6 7. d4 exd4 8.
Re1+ Be6 9. Bxe6 fxe6 10. Rxe6+ Kd7 11. Nxd4 Nc6 12. Nb3 Qf5 13. Re2 Rad8 14.
Be3 Kc8 15. Qf1 Bxh2+ 16. Kxh2 Qh5+ 17. Kg3 Qg4+ 18. Kh2 Qh4+ 19. Kg1 Ne5 20.
f3 Neg4 21. fxg4 Nxg4 22. Qf5+ Kb8 23. Bf4 h6 24. g3 Qh3 25. Rae1 g5 26. Bxc7+
Kxc7 27. Qf3 Rhf8 28. Qg2 Qxg2+ 29. Kxg2 Rf5 30. Re7+ Kb8 31. R1e2 Rdf8 32. Nd4
Rf1 33. Re8+ Kc7 34. Rxf8 Rxf8 35. Ne6+ {Normal} 1-0

[Event "Rated Blitz game"]
[Site "?"]
[Date "2021.05.29"]
[Round "?"]
[White "anantone"]
[Black "pasha1984"]
[Result "0-1"]
[WhiteElo "2559"]
[BlackElo "2413"]
[PlyCount "62"]
[EventDate "2021.??.??"]
[EventType "blitz"]

1. e4 e5 2. Nf3 d5 3. exd5 e4 4. Qe2 Nf6 5. Nc3 Be7 6. Nxe4 Nxd5 7. d3 O-O 8.
Nc3 Bb4 9. Qd2 Qf6 10. Nxd5 Bxd2+ 11. Kxd2 Qd6 12. Ne3 Nc6 13. c3 Ne5 14. Nxe5
Qxe5 15. d4 Qf6 16. Be2 Qxf2 17. Rf1 Qh4 18. Bf3 c6 19. b3 Re8 20. Ba3 Qxh2 21.
Rae1 Bd7 22. Nc4 Qf4+ 23. Kd1 Rxe1+ 24. Rxe1 Re8 25. Rh1 Bg4 26. Nd2 Bxf3+ 27.
Nxf3 Qe3 28. Kc2 Qf2+ 29. Nd2 Re2 30. Bc1 Qxg2 31. Rd1 Qg6+ {Normal} 0-1

[Event "Rated Blitz game"]
[Site "?"]
[Date "2021.05.29"]
[Round "?"]
[White "doreality1991"]
[Black "CXCX83"]
[Result "1-0"]
[WhiteElo "2673"]
[BlackElo "2680"]
[PlyCount "81"]
[EventDate "2021.??.??"]
[EventType "blitz"]

1. e4 e5 2. Nf3 d5 3. Nc3 d4 4. Ne2 Nc6 5. Ng3 g6 6. Bb5 Bg7 7. d3 Nge7 8. h4
h6 9. h5 g5 10. Nxg5 hxg5 11. Bxg5 Bh6 12. Bf6 Rg8 13. Bxe5 Bg4 14. f3 Bd7 15.
Bf6 Rxg3 16. Kf2 Rg8 17. g4 Be3+ 18. Kf1 Bg5 19. Bxg5 Rxg5 20. Qd2 Rxb5 21. h6
Ng6 22. h7 Ke7 23. f4 Bxg4 24. f5 Bxf5 25. a4 Re5 26. exf5 Rxf5+ 27. Kg1 Nce5
28. Rf1 Kd6 29. Rxf5 Qh8 30. Qg5 Re8 31. Kf2 c5 32. Rh5 Re6 33. a5 a6 34. Qg2
Kc7 35. Qg3 Kd6 36. Rxf7 Rf6+ 37. Rxf6+ Qxf6+ 38. Ke1 Nh8 39. Ke2 Ke6 40. Qh3+
Kf7 41. Rf5 {Normal} 1-0

[Event "Rated Blitz game"]
[Site "?"]
[Date "2021.05.29"]
[Round "?"]
[White "jmpion7"]
[Black "jflup"]
[Result "1-0"]
[WhiteElo "2465"]
[BlackElo "2479"]
[PlyCount "85"]
[EventDate "2021.??.??"]
[EventType "blitz"]

1. e4 e5 2. Nf3 d5 3. exd5 e4 4. Qe2 Nf6 5. d3 Qxd5 6. Nbd2 Nc6 7. Nxe4 Be6 8.
Nxf6+ gxf6 9. Qe4 Qa5+ 10. Bd2 Bb4 11. c3 Be7 12. Be2 O-O-O 13. O-O Rhg8 14.
Kh1 Rg4 15. Qxh7 Rdg8 16. Rg1 R4g7 17. Qh6 Rg6 18. Qe3 Qh5 19. h3 Bd6 20. Nh2
Qh7 21. f4 f5 22. Raf1 Bd5 23. Bf3 Rg3 24. Bxd5 Rxe3 25. Bxe3 Ne7 26. Bf3 Rg3
27. Bf2 Rg8 28. g4 Ng6 29. Bg3 Nh4 30. gxf5 Nxf3 31. Rxf3 Qxf5 32. Ng4 Rxg4 33.
Rgf1 Rxg3 34. Rxg3 Bxf4 35. Rg2 Qe5 36. Kg1 Qe3+ 37. Rff2 Bg3 38. Kf1 Bxf2 39.
Rxf2 Qc1+ 40. Kg2 Qe3 41. Kg1 Qe5 42. Kh1 Qe1+ 43. Kh2 {Time forfeit} 1-0

[Event "Rated Blitz game"]
[Site "?"]
[Date "2021.05.29"]
[Round "?"]
[White "gtomov"]
[Black "AlaEldin"]
[Result "1-0"]
[WhiteElo "2401"]
[BlackElo "2335"]
[PlyCount "71"]
[EventDate "2021.??.??"]
[EventType "blitz"]

1. e4 e5 2. Nf3 d5 3. exd5 e4 4. Qe2 Nf6 5. d3 Qxd5 6. Nc3 Bb4 7. Bd2 Bxc3 8.
Bxc3 O-O 9. Nd2 exd3 10. Qxd3 Re8+ 11. Kd1 Qg5 12. h4 Qg4+ 13. f3 Qe6 14. Be2
Nd5 15. Re1 Ne3+ 16. Kc1 Nxg2 17. Qd4 Qg6 18. Rg1 Nc6 19. Qf2 Rxe2 20. Qxe2 Bh3
21. Ne4 Nf4 22. Qh2 Qxg1+ 23. Qxg1 Ne2+ 24. Kd2 Nxg1 25. Rxg1 f6 26. Nxf6+ Kf7
27. Ne4 Rg8 28. Ng5+ Ke7 29. Nxh3 g6 30. Ng5 h6 31. Re1+ Kd7 32. Ne4 Kc8 33.
Nf6 Rd8+ 34. Kc1 b5 35. Re8 b4 36. Bd2 {Normal} 1-0

[Event "Rated Blitz tournament uU8Wrbll"]
[Site "?"]
[Date "2021.05.29"]
[Round "?"]
[White "kintoho"]
[Black "lavilaine"]
[Result "1/2-1/2"]
[WhiteElo "2481"]
[BlackElo "2259"]
[PlyCount "137"]
[EventDate "2021.??.??"]
[EventType "blitz"]

1. e4 e5 2. Nf3 d5 3. d3 dxe4 4. dxe4 Qxd1+ 5. Kxd1 Nc6 6. Bb5 Bg4 7. Bxc6+
bxc6 8. Ke2 O-O-O 9. Nbd2 f6 10. h3 Bh5 11. Nb3 Bg6 12. Nfd2 Bb4 13. f3 Ne7 14.
a3 Bd6 15. Nc4 Bf7 16. Nba5 Bc5 17. Be3 Bb6 18. b4 g5 19. Rad1 Bxc4+ 20. Nxc4
Rxd1 21. Rxd1 Rd8 22. Rxd8+ Kxd8 23. a4 Ng6 24. g3 h5 25. a5 Bxe3 26. Nxe3 h4
27. gxh4 gxh4 28. Nf5 Nf4+ 29. Ke3 Nxh3 30. Nxh4 Nf4 31. Nf5 Ne6 32. c3 Kd7 33.
Ng3 c5 34. b5 c4 35. Nf1 Kd6 36. Kd2 Kc5 37. Ne3 Kxb5 38. Nd5 Kxa5 39. Nxf6 Nf4
40. Nd7 Nd3 41. Ke3 Kb5 42. Nxe5 Nxe5 43. f4 Nf7 44. e5 Kc5 45. Ke4 Nd8 46. f5
Kc6 47. Kd4 Kd7 48. Kxc4 Nc6 49. Kd5 Ne7+ 50. Ke4 Ng8 51. Kd5 Nh6 52. e6+ Ke7
53. Kc6 Kd8 54. f6 Ng4 55. f7 Ke7 56. Kxc7 Ne5 57. f8=Q+ Kxf8 58. Kd8 Kg7 59.
c4 a5 60. c5 a4 61. e7 Nc6+ 62. Kd7 Nxe7 63. Kxe7 a3 64. c6 a2 65. c7 a1=Q 66.
c8=Q Qf6+ 67. Ke8 Qf8+ 68. Kd7 Qxc8+ 69. Kxc8 {Normal} 1/2-1/2

[Event "Rated Blitz game"]
[Site "?"]
[Date "2021.05.29"]
[Round "?"]
[White "Bierpower"]
[Black "blastol"]
[Result "1/2-1/2"]
[WhiteElo "2446"]
[BlackElo "2428"]
[PlyCount "131"]
[EventDate "2021.??.??"]
[EventType "blitz"]

1. e4 e5 2. Nf3 d5 3. exd5 Bd6 4. d4 e4 5. Ne5 Nf6 6. c4 O-O 7. Nc3 Re8 8. Bf4
Nbd7 9. Be2 Qe7 10. O-O Nxe5 11. dxe5 Bxe5 12. Qd2 a6 13. Rae1 Bf5 14. h3 Rad8
15. Qe3 Bg6 16. Rd1 Qb4 17. Bxe5 Rxe5 18. b3 h6 19. Na4 Rg5 20. Kh1 Qd6 21. f4
exf3 22. Bxf3 Rg3 23. Qf2 Bf5 24. Rd4 Re8 25. Re1 Rxe1+ 26. Qxe1 Bxh3 27. Nc3
Bg4 28. Ne4 Nxe4 29. Qxe4 Bxf3 30. gxf3 Rh3+ 31. Kg1 Qh2+ 32. Kf1 Rg3 33. Qe8+
Kh7 34. Qe4+ g6 35. Qe2 Rg2 36. Qxg2 Qe5 37. Qe2 Qxd4 38. Qf2 Qa1+ 39. Kg2 Qf6
40. d6 Qg5+ 41. Qg3 cxd6 42. Kf2 Qd2+ 43. Kg1 f5 44. Qg2 Qe1+ 45. Kh2 Qe5+ 46.
Qg3 Qxg3+ 47. Kxg3 g5 48. Kg2 Kg6 49. Kf2 f4 50. Kf1 h5 51. c5 g4 52. c6 bxc6
53. b4 d5 54. b5 axb5 55. fxg4 hxg4 56. a3 Kf5 57. Kg2 b4 58. Kf1 bxa3 59. Ke1
a2 60. Kd2 a1=Q 61. Kd3 Qd4+ 62. Kxd4 f3 63. Kc5 Kf4 64. Kd6 f2 65. Kc7 f1=Q
66. Kb6 {Time forfeit} 1/2-1/2

[Event "Rated Blitz game"]
[Site "?"]
[Date "2021.05.29"]
[Round "?"]
[White "infrangibleBond"]
[Black "KinzyabulatovRenat"]
[Result "0-1"]
[WhiteElo "2419"]
[BlackElo "2360"]
[PlyCount "60"]
[EventDate "2021.??.??"]
[EventType "blitz"]

1. e4 e5 2. Nf3 d5 3. d4 dxe4 4. Nxe5 Bd6 5. Nc4 Nf6 6. Nc3 O-O 7. Be2 Nc6 8.
Bg5 Be7 9. Be3 Bb4 10. O-O Bxc3 11. bxc3 Nd5 12. Bd2 f5 13. f4 Kh8 14. Qc1 Be6
15. Ne3 Nb6 16. a4 a5 17. Qa3 Qd7 18. Qc5 Qe7 19. Qb5 Rfd8 20. Nxf5 Bxf5 21.
Qxf5 Nxd4 22. cxd4 e3 23. Bc3 Nd5 24. Bb2 Qb4 25. Rfb1 Qd2 26. Bd3 Qf2+ 27. Kh1
Nf6 28. c4 Qh4 29. d5 Ng4 30. Rf1 Qxh2# {Normal} 0-1

[Event "Rated Blitz game"]
[Site "?"]
[Date "2021.05.29"]
[Round "?"]
[White "kvertis"]
[Black "walodelpalo"]
[Result "1-0"]
[WhiteElo "2401"]
[BlackElo "2339"]
[PlyCount "101"]
[EventDate "2021.??.??"]
[EventType "blitz"]

1. e4 e5 2. Nf3 d5 3. Nxe5 Bd6 4. d4 dxe4 5. Bf4 Nf6 6. Bc4 O-O 7. O-O Qe7 8.
Nc3 Nbd7 9. Nxd7 Bxf4 10. Nxf6+ Qxf6 11. Nxe4 Bxh2+ 12. Kxh2 Qh4+ 13. Kg1 Qxe4
14. Re1 Qc6 15. Bb3 Bf5 16. Re5 Bg6 17. Qe2 Kh8 18. Re1 f6 19. Re6 Qd7 20. Re7
Qd6 21. Qc4 Rac8 22. c3 a6 23. Qa4 b5 24. Qa5 Rce8 25. R7e6 Qf4 26. Qxa6 Rxe6
27. Qxe6 Qd2 28. Re2 Qc1+ 29. Kh2 Qf4+ 30. g3 Qf3 31. Qe3 Qg4 32. Qe7 Ra8 33.
Re3 h5 34. Qxc7 h4 35. gxh4 Kh7 36. Qg3 Qh5 37. Re1 Rh8 38. Bd1 Qd5 39. Rg1 Qf7
40. h5 Bxh5 41. Bxh5 Qxh5+ 42. Kg2 Qf7 43. Rh1+ Kg8 44. Rxh8+ Kxh8 45. Qh3+ Kg8
46. Qc8+ Kh7 47. Qf5+ Kg8 48. d5 Qa7 49. Qe6+ Kh7 50. Qe4+ Kg8 51. d6 {Normal}
1-0

[Event "Rated Blitz game"]
[Site "?"]
[Date "2021.05.29"]
[Round "?"]
[White "mrkica1964"]
[Black "AlaEldin"]
[Result "0-1"]
[WhiteElo "2468"]
[BlackElo "2315"]
[PlyCount "64"]
[EventDate "2021.??.??"]
[EventType "blitz"]

1. e4 e5 2. Nf3 d5 3. exd5 e4 4. Qe2 Nf6 5. d3 Qxd5 6. Ng5 Nc6 7. Nxe4 Nxe4 8.
dxe4 Qd8 9. c3 Bc5 10. Be3 Bxe3 11. Qxe3 O-O 12. Nd2 Be6 13. Be2 f5 14. O-O-O
f4 15. Qc5 Qf6 16. Bc4 Ne5 17. Be2 b6 18. Qa3 c5 19. f3 c4 20. Nb1 a5 21. Rd6
b5 22. Rhd1 b4 23. cxb4 axb4 24. Qxb4 Rfb8 25. Rb6 Rc8 26. Nc3 Qf7 27. Rdd6 Re8
28. a4 Rad8 29. a5 Nd3+ 30. Bxd3 cxd3 31. Kd2 Qg6 32. Kxd3 Qxg2 {Time forfeit}
0-1

[Event "Rated Blitz game"]
[Site "?"]
[Date "2021.05.29"]
[Round "?"]
[White "jirka_ko"]
[Black "Junior072001"]
[Result "0-1"]
[WhiteElo "2430"]
[BlackElo "2334"]
[PlyCount "142"]
[EventDate "2021.??.??"]
[EventType "blitz"]

1. e4 e5 2. Nf3 d5 3. exd5 e4 4. Qe2 Nf6 5. d3 Qxd5 6. dxe4 Qxe4 7. Nc3 Bb4 8.
Bd2 Bxc3 9. Bxc3 Nbd7 10. Qxe4+ Nxe4 11. Bxg7 Rg8 12. Bd4 c5 13. Be3 Ndf6 14.
Bb5+ Kf8 15. g3 Ng4 16. Bd3 Nxe3 17. fxe3 Nf6 18. Ne5 Be6 19. O-O Ke7 20. Bf5
h5 21. Bxe6 Kxe6 22. Nd3 b6 23. Rf3 Rh8 24. Raf1 Rh6 25. Rf5 Rg8 26. Kg2 h4 27.
Re5+ Kd6 28. Ref5 Ke6 29. R5f3 Rg7 30. Nf4+ Ke7 31. Rd1 Ne4 32. Nd5+ Ke6 33.
Nc3 Ng5 34. Rf4 hxg3 35. hxg3 Rhg6 36. Ne4 Nxe4 37. Rxe4+ Kf5 38. Rf4+ Ke5 39.
Rf3 Ke4 40. Rd7 f5 41. Re7+ Rxe7 42. c3 Reg7 43. b3 Rxg3+ 44. Rxg3 Rxg3+ 45.
Kxg3 Kxe3 46. Kg2 f4 47. Kf1 Kd3 48. c4 Kc3 49. Kf2 Kb2 50. Kf3 Kxa2 51. Kxf4
Kxb3 52. Ke4 Kxc4 53. Ke3 Kc3 54. Ke2 Kc2 55. Ke3 c4 56. Kd4 c3 57. Kc4 Kb2 58.
Kb4 c2 59. Kb5 c1=Q 60. Ka6 Qa1+ 61. Kb7 Qa5 62. Ka8 b5 63. Kb7 b4 64. Ka8 b3
65. Kb7 Qa3 66. Ka8 a5 67. Kb7 a4 68. Ka8 Qb4 69. Ka7 a3 70. Ka6 a2 71. Ka7
a1=Q# {Normal} 0-1

[Event "Rated Blitz tournament FOjhoaJ3"]
[Site "?"]
[Date "2021.05.29"]
[Round "?"]
[White "luchok123"]
[Black "Lur15"]
[Result "0-1"]
[WhiteElo "2419"]
[BlackElo "2365"]
[PlyCount "68"]
[EventDate "2021.??.??"]
[EventType "blitz"]

1. e4 e5 2. Nf3 d5 3. d4 dxe4 4. Nxe5 Bd6 5. Nc4 Nf6 6. Nxd6+ Qxd6 7. Be2 O-O
8. Be3 Bf5 9. c4 a6 10. Nc3 Nc6 11. Qd2 Rad8 12. d5 Ne5 13. O-O-O Nd3+ 14. Bxd3
exd3 15. f3 b5 16. cxb5 Nxd5 17. Kb1 Rfe8 18. Nxd5 Qxd5 19. bxa6 Ra8 20. a7 c5
21. Rc1 Rxa7 22. b3 Rxe3 23. Qxe3 d2+ 24. Kb2 dxc1=Q+ 25. Rxc1 Qd4+ 26. Qxd4
cxd4 27. Rc5 Be6 28. a4 Kf8 29. a5 Ke7 30. b4 Kd6 31. Rb5 Rc7 32. Rb6+ Ke5 33.
g3 d3 34. Rb5+ Bd5 {Normal} 0-1

[Event "Rated Blitz game"]
[Site "?"]
[Date "2021.05.29"]
[Round "?"]
[White "infrangibleBond"]
[Black "KinzyabulatovRenat"]
[Result "1-0"]
[WhiteElo "2418"]
[BlackElo "2364"]
[PlyCount "71"]
[EventDate "2021.??.??"]
[EventType "blitz"]

1. e4 e5 2. Nf3 d5 3. exd5 e4 4. Nd4 Qxd5 5. Ne2 Nc6 6. Nbc3 Qe5 7. d4 exd3 8.
Qxd3 Bf5 9. Qb5 Qxb5 10. Nxb5 O-O-O 11. Bf4 a6 12. Nxc7 Bd6 13. Na8 Bc5 14. Bc7
Re8 15. Bb6 Bd6 16. O-O-O Bb8 17. Be3 Rxe3 18. fxe3 Ba7 19. Nd4 Bd7 20. Bc4 Nh6
21. Rhf1 Ne5 22. Bd5 Nhg4 23. Rde1 Nxe3 24. Rxe3 Bxd4 25. Rg3 f5 26. Rb3 b5 27.
c3 Be3+ 28. Kb1 f4 29. Re1 Bc6 30. Nb6+ Bxb6 31. Rxe5 Bc7 32. Rg5 h6 33. Rh5 g6
34. Bxc6 gxh5 35. Bf3 h4 36. c4 {Time forfeit} 1-0

[Event "Rated Blitz tournament QtXZiuH8"]
[Site "?"]
[Date "2021.05.29"]
[Round "?"]
[White "Jimonios"]
[Black "geptil"]
[Result "1-0"]
[WhiteElo "2511"]
[BlackElo "2318"]
[PlyCount "81"]
[EventDate "2021.??.??"]
[EventType "blitz"]

1. e4 e5 2. Nf3 d5 3. Nxe5 Bd6 4. d4 dxe4 5. Nc3 Nf6 6. Bc4 Bxe5 7. dxe5 Qxd1+
8. Nxd1 Ng4 9. Bf4 Nc6 10. e6 Bxe6 11. Bxe6 fxe6 12. Bxc7 e5 13. Bd6 O-O-O 14.
Ba3 Nd4 15. Rc1 Nb5 16. Bb4 Rd5 17. c4 Rd3 18. Rc2 Nd4 19. Rc1 Nc6 20. Bc3 Rhd8
21. Ke2 Nf6 22. Ne3 Nd4+ 23. Bxd4 exd4 24. Nc2 Nd7 25. Nb4 Nc5 26. Nxd3 Nxd3
27. Rb1 Nc5 28. Rhd1 Na4 29. f3 e3 30. Rd3 Nc5 31. Rdd1 Ne6 32. g3 Nc5 33. b4
Na4 34. Rb3 Nb6 35. Rbd3 Nxc4 36. Rxd4 Rxd4 37. Rxd4 b5 38. Rxc4+ bxc4 39. Kxe3
Kc7 40. Kd4 Kc6 41. Kxc4 {Normal} 1-0

[Event "Rated Blitz tournament WGSzeq3D"]
[Site "?"]
[Date "2021.05.29"]
[Round "?"]
[White "TerremotoBougie"]
[Black "falejos"]
[Result "1/2-1/2"]
[WhiteElo "2427"]
[BlackElo "2226"]
[PlyCount "111"]
[EventDate "2021.??.??"]
[EventType "blitz"]

1. e4 e5 2. Nf3 d5 3. exd5 e4 4. Qe2 Qe7 5. Nd4 Nf6 6. Nc3 a6 7. d3 exd3 8.
Qxe7+ Bxe7 9. Bxd3 Bb4 10. Bd2 O-O 11. O-O-O Bxc3 12. Bxc3 Nxd5 13. Bd2 c5 14.
Nf3 Nc6 15. a3 Bg4 16. h3 Bh5 17. g4 Bg6 18. Bg5 Nb6 19. Rhe1 h6 20. Be7 Nxe7
21. Rxe7 Bxd3 22. Rxd3 Rab8 23. Nh4 Rfe8 24. Nf5 Rxe7 25. Nxe7+ Kf8 26. Nf5 Rc8
27. Rd6 Nc4 28. Rd7 Rb8 29. f4 Nb6 30. Rc7 Rc8 31. Rxb7 Nd5 32. Rxf7+ Kxf7 33.
Nd6+ Kf6 34. Nxc8 Nxf4 35. h4 Ng2 36. b4 cxb4 37. axb4 Nxh4 38. c4 Nf3 39. Kc2
Ne5 40. Kc3 Kg5 41. Kd4 Nxc4 42. Kxc4 Kxg4 43. Nd6 h5 44. Kc5 h4 45. Ne4 h3 46.
Nf2+ Kg3 47. Nxh3 Kxh3 48. Kb6 g5 49. Kxa6 g4 50. b5 g3 51. b6 g2 52. b7 g1=Q
53. b8=Q Qa1+ 54. Kb7 Qb2+ 55. Kc8 Qxb8+ 56. Kxb8 {Normal} 1/2-1/2

[Event "Rated Blitz game"]
[Site "?"]
[Date "2021.05.29"]
[Round "?"]
[White "chadi_chess"]
[Black "mirekkk14"]
[Result "0-1"]
[WhiteElo "2416"]
[BlackElo "2395"]
[PlyCount "30"]
[EventDate "2021.??.??"]
[EventType "blitz"]

1. e4 e5 2. Nf3 d5 3. exd5 e4 4. Nd4 Qxd5 5. Nb3 Nf6 6. Nc3 Qe5 7. Qe2 Nc6 8.
d3 Bf5 9. dxe4 Nxe4 10. Nxe4 Bxe4 11. c3 O-O-O 12. f3 Bd3 13. Qxe5 Nxe5 14. Nc5
Bxf1 15. Kxf1 Rd1+ {Normal} 0-1

[Event "Rated Blitz tournament QtXZiuH8"]
[Site "?"]
[Date "2021.05.29"]
[Round "?"]
[White "GSRAkz"]
[Black "batasjon"]
[Result "1-0"]
[WhiteElo "2445"]
[BlackElo "2416"]
[PlyCount "129"]
[EventDate "2021.??.??"]
[EventType "blitz"]

1. e4 e5 2. Nf3 d5 3. exd5 e4 4. Qe2 Nf6 5. Nc3 Be7 6. Nxe4 O-O 7. d3 Re8 8.
Bd2 Nxd5 9. O-O-O f5 10. Nc3 Nxc3 11. Bxc3 Bg5+ 12. Bd2 Rxe2 13. Bxg5 Re7 14.
d4 h6 15. Bc4+ Kf8 16. Bxe7+ Qxe7 17. Ne5 Qg5+ 18. Kb1 Nc6 19. f4 Qf6 20. Nf3
Bd7 21. d5 Na5 22. Ne5 Be8 23. Bd3 c5 24. Be2 c4 25. c3 Rd8 26. Bf3 Rd6 27.
Rhe1 b5 28. h3 Nb7 29. g4 Nc5 30. gxf5 Qxf5+ 31. Kc1 Nd3+ 32. Nxd3 cxd3 33. Re4
Bg6 34. Rde1 Qxh3 35. f5 Qxf3 36. fxg6 Rxg6 37. Re8+ Kf7 38. R1e7+ Kf6 39. Rf8+
Kxe7 40. Rxf3 d2+ 41. Kxd2 Rg2+ 42. Kd3 Rxb2 43. Kd4 Rxa2 44. Kc5 Rd2 45. Re3+
Kd7 46. Rf3 Re2 47. Rf7+ Re7 48. Rf5 g5 49. d6 Rg7 50. Rf1 g4 51. Ra1 Rg5+ 52.
Kd4 g3 53. Rxa7+ Kxd6 54. Ra6+ Kc7 55. Ra7+ Kb6 56. Ra1 g2 57. Rg1 h5 58. Ke4
h4 59. Kf3 h3 60. Kf2 h2 61. Rxg2 h1=Q 62. Rxg5 Qh4+ 63. Rg3 Kc5 64. Kg2 Qxg3+
65. Kxg3 {Time forfeit} 1-0

[Event "Rated Blitz tournament 0lAtOZjB"]
[Site "?"]
[Date "2021.05.29"]
[Round "?"]
[White "rasulovvugar"]
[Black "vovaches"]
[Result "1-0"]
[WhiteElo "2688"]
[BlackElo "2524"]
[PlyCount "67"]
[EventDate "2021.??.??"]
[EventType "blitz"]

1. e4 e5 2. Nf3 d5 3. d4 dxe4 4. Nxe5 Bd6 5. Nc3 Nf6 6. Bg5 O-O 7. Bc4 Nc6 8.
Nxc6 bxc6 9. Qe2 Re8 10. O-O-O h6 11. Bh4 Rb8 12. Bb3 Bf5 13. Kb1 a5 14. h3 Be7
15. g4 Bg6 16. Rhg1 Nd5 17. Bxe7 Rxe7 18. Nxd5 cxd5 19. h4 Qd6 20. h5 Bh7 21.
g5 Bf5 22. gxh6 Qxh6 23. Bxd5 a4 24. Qe3 Qxh5 25. Rde1 Bg6 26. Rg5 Qh6 27. Reg1
a3 28. Rxg6 Qxe3 29. fxe3 Rxb2+ 30. Kc1 Kf8 31. Rxg7 Rd7 32. Bb3 c5 33. dxc5
Rc7 34. c6 {Normal} 1-0

[Event "Rated Blitz tournament QtXZiuH8"]
[Site "?"]
[Date "2021.05.29"]
[Round "?"]
[White "nerzo"]
[Black "geptil"]
[Result "0-1"]
[WhiteElo "2474"]
[BlackElo "2336"]
[PlyCount "96"]
[EventDate "2021.??.??"]
[EventType "blitz"]

1. e4 e5 2. Nf3 d5 3. d4 dxe4 4. Nxe5 Bd6 5. Nc4 Nf6 6. Nxd6+ Qxd6 7. Nc3 O-O
8. Be2 Nc6 9. Be3 Bf5 10. Qd2 Rad8 11. h3 Nxd4 12. O-O Nf3+ 13. Bxf3 Qxd2 14.
Bxd2 Rxd2 15. Bd1 Rfd8 16. g4 Bg6 17. Re1 h6 18. a4 Re8 19. a5 Nd7 20. Ra4 Nc5
21. Rc4 b6 22. b4 Na6 23. Be2 Rxc2 24. Nb5 Rxc4 25. Bxc4 Nxb4 26. Rb1 bxa5 27.
Kg2 a6 28. Nc3 e3 29. Re1 Nc2 30. Re2 Kf8 31. h4 exf2 32. Rxf2 Ne3+ 33. Kg3
Nxc4 34. h5 Bh7 35. Nd5 c6 36. Nc7 Rc8 37. Nxa6 a4 38. Nc5 a3 39. Ra2 Ke7 40.
Kf4 Rb8 41. g5 Rb2 42. Rxa3 Nxa3 43. g6 fxg6 44. Nd3 Rd2 45. Ke3 Nc4+ 46. Kf3
Rxd3+ 47. Kf4 g5+ 48. Kg4 Ne5# {Normal} 0-1

[Event "Rated Blitz game"]
[Site "?"]
[Date "2021.05.29"]
[Round "?"]
[White "Aventurero2018"]
[Black "pasha1984"]
[Result "1-0"]
[WhiteElo "2516"]
[BlackElo "2426"]
[PlyCount "57"]
[EventDate "2021.??.??"]
[EventType "blitz"]

1. e4 e5 2. Nf3 d5 3. exd5 e4 4. Qe2 Nf6 5. d3 Qxd5 6. Nbd2 Nc6 7. Nxe4 Be6 8.
Nxf6+ gxf6 9. Qe4 Qa5+ 10. Bd2 Qb6 11. Bc3 O-O-O 12. Qh4 Bb4 13. Be2 Bxc3+ 14.
bxc3 Qb2 15. Kd2 Rhg8 16. g3 Rg4 17. Qxf6 Na5 18. Rhb1 Nc4+ 19. Kd1 Qa3 20. Ke1
Rg6 21. Qf4 Qxc3+ 22. Kf1 Rf6 23. Qg5 Rxf3 24. Bxf3 Nd2+ 25. Kg2 Nxf3 26. Kxf3
Bd5+ 27. Kg4 f5+ 28. Kh4 Kb8 29. Qxd8# {Normal} 1-0

[Event "Rated Blitz tournament 9mKfUZF8"]
[Site "?"]
[Date "2021.05.29"]
[Round "?"]
[White "Muugii19"]
[Black "erka1118"]
[Result "0-1"]
[WhiteElo "2218"]
[BlackElo "2407"]
[PlyCount "90"]
[EventDate "2021.??.??"]
[EventType "blitz"]

1. e4 e5 2. Nf3 d5 3. exd5 e4 4. Qe2 Nf6 5. d3 Qxd5 6. Nc3 Bb4 7. Bd2 Bxc3 8.
Bxc3 O-O 9. dxe4 Nxe4 10. Rd1 Nxc3 11. Rxd5 Nxe2 12. Bxe2 Be6 13. Rd2 Nc6 14.
a3 Rad8 15. Rxd8 Rxd8 16. O-O Kf8 17. Rd1 Rxd1+ 18. Bxd1 Ke7 19. h3 f6 20. Kf1
Kd6 21. Be2 Ne7 22. Bd3 h6 23. Ke2 c5 24. c3 Nc6 25. Be4 Bd5 26. Bxd5 Kxd5 27.
Kd3 b5 28. Nh4 Ne7 29. b3 c4+ 30. bxc4+ bxc4+ 31. Kd2 f5 32. Nf3 Nc6 33. Nh4
Ke4 34. g3 g5 35. Ng6 Kd5 36. f3 Ke6 37. h4 Kf7 38. h5 Kf6 39. g4 fxg4 40. fxg4
Ke6 41. Ke3 Kd5 42. Nf8 Ne5 43. Ng6 Nxg4+ 44. Ke2 Nf6 45. Ne7+ Ke4 {Time
forfeit} 0-1

[Event "Rated Blitz tournament l8CrvA0L"]
[Site "?"]
[Date "2021.05.29"]
[Round "?"]
[White "Chicho86"]
[Black "dr_xStranger"]
[Result "0-1"]
[WhiteElo "2236"]
[BlackElo "2477"]
[PlyCount "26"]
[EventDate "2021.??.??"]
[EventType "blitz"]

1. e4 e5 2. Nf3 d5 3. exd5 e4 4. Nd4 Nf6 5. Bc4 Bc5 6. Nb3 Bd6 7. d3 O-O 8.
dxe4 Re8 9. O-O Rxe4 10. Bd3 Bxh2+ 11. Kxh2 Ng4+ 12. Kg1 Qh4 13. Qxg4 Rxg4 {
Normal} 0-1

[Event "Rated Blitz game"]
[Site "?"]
[Date "2021.05.29"]
[Round "?"]
[White "Kojnak7"]
[Black "liaqat321"]
[Result "1-0"]
[WhiteElo "2417"]
[BlackElo "2353"]
[PlyCount "95"]
[EventDate "2021.??.??"]
[EventType "blitz"]

1. e4 e5 2. Nf3 d5 3. d4 dxe4 4. Nxe5 Bd6 5. Nc4 Nf6 6. Nc3 Bf5 7. Be2 O-O 8.
g4 Bg6 9. h4 h6 10. g5 hxg5 11. Bxg5 c6 12. h5 Bf5 13. h6 b5 14. Ne3 Bg6 15.
hxg7 Kxg7 16. Bh6+ Kg8 17. Bxf8 Bxf8 18. Qd2 b4 19. Na4 Nbd7 20. O-O-O Nb6 21.
Nc5 Nbd5 22. Nxd5 Qxd5 23. Kb1 Bxc5 24. dxc5 Qxd2 25. Rxd2 Nd5 26. Bc4 Nf4 27.
Rh4 Nh5 28. b3 Kg7 29. Rd6 Rc8 30. Be2 Nf6 31. Bc4 Rc7 32. Rf4 Nh5 33. Rh4 a5
34. Kb2 f5 35. c3 Re7 36. Rh1 f4 37. Rg1 Nf6 38. cxb4 axb4 39. Rxc6 e3 40. fxe3
fxe3 41. Re6 Rxe6 42. Bxe6 Kh6 43. Re1 Ne4 44. c6 Nc5 45. Rxe3 Nd3+ 46. Rxd3
Bxd3 47. c7 Ba6 48. c8=Q {Normal} 1-0

[Event "Rated Blitz tournament 0lAtOZjB"]
[Site "?"]
[Date "2021.05.29"]
[Round "?"]
[White "Mikasinski"]
[Black "vovaches"]
[Result "0-1"]
[WhiteElo "2566"]
[BlackElo "2522"]
[PlyCount "38"]
[EventDate "2021.??.??"]
[EventType "blitz"]

1. e4 e5 2. Nf3 d5 3. Nc3 dxe4 4. Nxe4 Nf6 5. Nxf6+ Qxf6 6. d4 Nc6 7. dxe5 Nxe5
8. Qe2 Bd6 9. Bg5 Qe6 10. Nxe5 Bxe5 11. O-O-O O-O 12. f4 Bd6 13. Qxe6 Bxe6 14.
g3 h6 15. Bh4 f6 16. Re1 Bd5 17. f5 Rae8 18. Rxe8 Rxe8 19. Bc4 Bxc4 {Normal}
0-1

[Event "Rated Blitz tournament QtXZiuH8"]
[Site "?"]
[Date "2021.05.29"]
[Round "?"]
[White "rPo6"]
[Black "batasjon"]
[Result "0-1"]
[WhiteElo "2362"]
[BlackElo "2403"]
[PlyCount "60"]
[EventDate "2021.??.??"]
[EventType "blitz"]

1. e4 e5 2. Nf3 d5 3. exd5 e4 4. Qe2 Nf6 5. d3 Qxd5 6. Ng5 Nc6 7. Nxe4 Be6 8.
Nbc3 Bb4 9. Bd2 Qa5 10. Nxf6+ gxf6 11. a3 O-O-O 12. Ne4 Rhe8 13. Nxf6 Bd7 14.
Nxe8 Rxe8 15. O-O-O Rxe2 16. Bxe2 Bxd2+ 17. Rxd2 b5 18. c3 Qb6 19. Bf3 a5 20.
Re1 b4 21. axb4 axb4 22. Rde2 Qa5 23. Kc2 Qa4+ 24. Kd2 Qa2 25. Kc1 b3 26. Bd5
Qa1+ 27. Kd2 Qxb2+ 28. Ke3 Qxc3 29. Rb1 Qd4+ 30. Kd2 Qxd5 {Normal} 0-1

[Event "Rated Rapid game"]
[Site "?"]
[Date "2021.05.29"]
[Round "?"]
[White "Gmelhor"]
[Black "Gmjaknour"]
[Result "0-1"]
[WhiteElo "2780"]
[BlackElo "2420"]
[PlyCount "40"]
[EventDate "2021.??.??"]
[EventType "rapid"]

1. e4 e5 2. Nf3 d5 3. exd5 e4 4. Bb5+ c6 5. dxc6 bxc6 6. Qe2 Nf6 7. Ba4 Bc5 8.
Nc3 O-O 9. Ng5 Bg4 10. f3 exf3 11. gxf3 Re8 12. fxg4 Rxe2+ 13. Nxe2 Nxg4 14. d4
Bd6 15. h3 Nf6 16. Bb3 Nd5 17. c4 Nb4 18. c5 Nd3+ 19. Kd2 Nxc1 20. Raxc1 Qxg5+
{Normal} 0-1

[Event "Rated Blitz game"]
[Site "?"]
[Date "2021.05.29"]
[Round "?"]
[White "Katzik"]
[Black "liaqat321"]
[Result "1-0"]
[WhiteElo "2438"]
[BlackElo "2365"]
[PlyCount "49"]
[EventDate "2021.??.??"]
[EventType "blitz"]

1. e4 e5 2. Nf3 d5 3. Nxe5 Bd6 4. d4 dxe4 5. Nc4 Nf6 6. Ne3 O-O 7. c4 Bb4+ 8.
Nc3 Nc6 9. d5 Ne5 10. Be2 Bxc3+ 11. bxc3 c6 12. O-O Qa5 13. Rb1 Qxc3 14. Bb2
Qa5 15. Bxe5 cxd5 16. Bxf6 gxf6 17. Nxd5 Kg7 18. Qd4 Qa6 19. Rb3 Bf5 20. Rg3+
Bg6 21. h4 Kh6 22. Nxf6 Rad8 23. Ng4+ Kh5 24. Qe3 Bf5 25. Qg5# {Normal} 1-0